| 000 | 01296cam a2200217 4500 | ||
|---|---|---|---|
| 001 | ##L133001 | ||
| 008 | 060403n2006 000 0 eng u | ||
| 020 | _a0110912608 | ||
| 035 | _a(Sirsi) u133001 | ||
| 041 | 0 | _aeng | |
| 245 | 0 | 4 | _aThe Town and Country Planning (General Permitted Development) (Amendment) (Wales) Order 2006 |
| 260 |
_aLondon _bTSO _c2006 |
||
| 490 | 0 |
_aWelsh Statutory Instrument _vSI 2006: 124 (W.17) |
|
| 520 | _aAmends the Town and Country Planning (General Permitted Development) Order 1995 Sched 2 Parts 1 and 25 (the 1995 Order) which confer permitted development rights in respect of the erection of satellite and microwave antenna (as defined in article 1(2) of the Order). The amendments apply in relation to Wales. | ||
| 650 | 2 | 4 | _aTOWN AND COUNTRY PLANNING (GENERAL PERMITTED DEVELOPMENT) (AMENDMENT) (WALES) ORDER 2006 |
| 650 | 2 | 4 | _aTOWN AND COUNTRY PLANNING (GENERAL PERMITTED DEVELOPMENT) ORDER 1995 SCHED 2 PART1 |
| 650 | 2 | 4 | _aTOWN AND COUNTRY PLANNING (GENERAL PERMITTED DEVELOPMENT) ORDER 1995 SCHED 2 PART 25 |
| 690 | _aENVIRONMENTAL AND LAND CONSULTANCY-PLANNING AND DEVELOPMENT-DEVELOPMENT CONTROL | ||
| 856 | 4 | 0 |
_uhttps://www.opsi.gov.uk/legislation/wales/wsi2006/20060124e.htm _zView the Order free of charge at www.opsi.gov.uk... |
| 942 | _n0 | ||
| 999 |
_c105304 _d105304 |
||